Plantilla top 4 Uefa Nations League 2021 - Estadísticas

Estadísticas generales
  • Esta prueba ha sido intentada 78 veces
  • La puntuación promedio es 53 de 96
Estadísticas de respuestas
Pos. Jugador Equipo % Correcto
POR David de Gea Manchester United
94%
POR Unai Simon Athletic Bilbao
94%
DEF Cesar Azpilicueta Chelsea
91%
POR Hugo Lloris Tottenham
89%
MED Rodri Manchester City
88%
MED Gavi Barcelona
86%
DEL Kylian Mbappe PSG
86%
MED Koke Atletico Madrid
83%
DEL Antoine Griezmann Atletico Madrid
81%
MED Mikel Merino Real Sociedad
81%
DEF Pau Torres Villarreal
81%
DEF Iñigo Martinez Athletic Bilbao
80%
POR Mike Maignan Milan
80%
POR Robert Sanchez Brighton
80%
DEF Aymeric Laporte Manchester City
78%
POR Gianluigi Donnarumma PSG
78%
DEL Karim Benzema Real Madrid
78%
DT Luis Enrique España
78%
DEL Ferran Torres Manchester City
77%
DEF Jules Kounde Sevilla
77%
DEF Lucas Hernandez Bayern Munich
77%
DEF Pedro Porro Sporting Lisboa
77%
DEF Theo Hernandez Milan
77%
DEF Dayot Upamecano Bayern Munich
75%
DEL Eden Hazard Real Madrid
75%
MED Mikel Oyarzabal Real Sociedad
75%
MED Pablo Fornals West Ham
75%
MED Paul Pogba Manchester United
75%
MED Sergio Busquets Barcelona
75%
DT Didier Deschamps Francia
73%
MED Kevin De Bruyne Manchester City
73%
DEL Romelu Lukaku Chelsea
73%
POR Thibaut Courtois Real Madrid
73%
MED Adrien Rabiot Juventus
70%
DEF Benjamin Pavard Bayern Munich
70%
DEF Leonardo Bonucci Juventus
67%
DEF Presnel Kimpembe PSG
67%
DEL Anthony Martial Manchester United
66%
DEF Eric Garcia Barcelona
66%
DEF Raphael Varane Manchester United
66%
DEL Federico Chiesa Juventus
64%
DEF Giorgio Chiellini Juventus
63%
MED Jorginho Chelsea
63%
MED Marco Verratti PSG
61%
DT Roberto Martinez Belgica
61%
DEL Yeremy Pino Villarreal
61%
MED Nicolo Barella Inter
59%
DEL Yannick Carrasco Atletico Madrid
58%
MED Youri Tielemans Leicester City
58%
MED Axel Witsel Borussia Dortmund
56%
DEL Domenico Berardi Sassuolo
53%
DT Roberto Mancini Italia
53%
DEF Alessandro Bastoni Inter
52%
POR Alex Meret Napoli
52%
DEF Giovanni Di Lorenzo Napoli
52%
DEF Jan Vertonghen Benfica
52%
POR Simon Mignolet Brujas
52%
DEF Federico Dimarco Inter
50%
DEF Marcos Alonso Chelsea
50%
DEF Sergio Reguilon Tottenham
47%
POR Koen Casteels Wolfsburgo
45%
MED Sergi Roberto Barcelona
45%
MED Manuel Locatelli Juventus
44%
DEF Toby Alderweireld Al-Duhail
44%
MED Aurelien Tchouameni Monaco
42%
DEL Lorenzo Insigne Napoli
42%
DEL Pablo Sarabia Sporting Lisboa
42%
MED Lorenzo Pellegrini Roma
41%
DEL Wissam Ben Yedder Monaco
41%
DEF Francesco Acerbi Lazio
39%
DEL Moise Kean Juventus
39%
DEF Lucas Digne Everton
38%
MED Bryan Gil Tottenham
36%
DEL Michy Batshuayi Besiktas
36%
DEF Jason Denayer Lyon
34%
MED Federico Bernardeschi Juventus
33%
DEL Moussa Diaby Bayer Leverkusen
33%
MED Jordan Veretout Roma
31%
MED Matteo Guendouzi Marsella
30%
MED Alexis Saelemaekers Milan
28%
MED Bryan Cristante Roma
27%
POR Salvatore Sirigu Genoa
27%
DEL Charles De Ketelaere Brujas
25%
DEL Giacomo Raspadori Sassuolo
25%
DEF Timothy Castagne Leicester City
25%
DEF Davide Calabria Milan
23%
MED Hans Vanaken Brujas
23%
DEF Dedryck Boyata Hertha Berlin
22%
DEF Emerson Lyon
20%
DEL Leandro Trossard Brighton
20%
DEF Arthur Theate Bologna
19%
MED Leander Dendoncker Wolves
19%
POR Benoit Costil Bordeaux
11%
DEF Leo Dubois Lyon
11%
DEL Dodi Lukebakio Wolfsburgo
8%
DEF Thomas Foket Reims
2%
No se encontraron pruebas coincidentes
Distribución de puntuación
Porcentaje de gente con cada puntuación
Porcentaje por número respondido
Historial de tus puntuaciones
No has intentado esta prueba.